| 000 | 01593cam a22004337a 4500 | ||
|---|---|---|---|
| 003 | CHAP | ||
| 005 | 20220329142748.0 | ||
| 008 | 030623s2003 mx r 00010 spa d | ||
| 010 | _a87417 | ||
| 011 | _a88389 | ||
| 035 | _a98934 | ||
| 040 | _cCHAP | ||
| 090 | _aTesis | ||
| 100 | 0 | 0 |
_aMuñoz Carrillo, Leonila. _979568 |
| 245 | 1 | 0 |
_aObtención de plántulas de manzana Malus spp. con potencial ornamental a partir del cultivo de embriones in vitro _c/por Leonila Muñoz Carrillo |
| 260 |
_aChapingo, Méx. : _bEl autor, _c2003. |
||
| 300 |
_a65 h. : _bilus. ; gráfs. |
||
| 502 | _aTesis (Ing. Agr. Esp. en Fitotecnia) -- UACH. Departamento de Fitotecnia | ||
| 530 | _aTambién disponible en línea | ||
| 590 |
_aALEPH _b10 _c20130110 _lUCH01 _h1454 |
||
| 590 |
_aBATCH-UPD _b10 _c20130110 _lUCH01 _h0357 |
||
| 590 |
_aBATCH-UPD _b10 _c20130110 _lUCH01 _h2018 |
||
| 590 |
_aBATCH-UPD _b10 _c20130410 _lUCH01 _h0030 |
||
| 590 |
_aBATCH-UPD _b10 _c20130914 _lUCH01 _h1309 |
||
| 590 |
_aBATCH-UPD _b10 _c20140324 _lUCH01 _h1439 |
||
| 590 |
_aBATCH-UPD _b10 _c20141002 _lUCH01 _h0818 |
||
| 590 |
_aCONVERSION _b10 _c20130109 _lUCH01 _h1348 |
||
| 650 | 1 | 4 |
_aEnraizamiento. _937013 |
| 650 | 1 | 4 |
_aMalus. _970212 |
| 650 | 1 | 4 |
_aMicropropagación. _975532 |
| 650 | 1 | 4 |
_aPlántulas. _989193 |
| 650 | 1 | 4 |
_aPortainjertos. _990968 |
| 856 |
_3Finding aid _uhttp://10.13.5.2/tesis/98934.pdf _zTeclea aqui |
||
| 901 | _aBK | ||
| 905 | _aAlejandra Carrasco M. | ||
| 942 | _cFOLL | ||
| 949 |
_aTesis _bBC _cTES _d33724000897849 _eTS2 _fc.2 _h41227 _i98934 _si |
||
| 949 |
_aTesis _bBC _cTES _d989341 _eTS1 _h41226 _i98934 _sb |
||
| 999 |
_c87417 _d87417 |
||